00707nam a2200229 a 4500001001300000003000900013005001700022008004100039020002300080082001500103100002000118245007500138260002700213300000900240500003500249650002300284700002000307902000800327942000700335952011800342999001700460nice12345678IN_TiNIC20260116015357.0110420s2010 nj,a grp 000 0 eng  a9781597841108c58000a297.1bCAR aCarroll, B Jill aA Dialogue of Civizationsb Guulen`s Islamics and Humanistic Discourse aNJ, USA bLight c2010 a114p aincludes index and biblioraphy aIslam-20th Century1 aCarroll, B Jill bSRS cBK 001040708StackRoom-aHMIbHMId2011-04-20g580.00l0o297.1 CARp11002279r2011-04-20v580.00w2011-04-20yBK c19452d19452